|
|
|
|
| LEADER |
01076nam a22002897a 4500 |
| 001 |
35422 |
| 003 |
BD-DhAAL |
| 005 |
20211130160540.0 |
| 008 |
191208t1989 nyu||||| |||| 001 0 eng d |
| 999 |
|
|
|c 42019
|d 42019
|
| 020 |
|
|
|a 0877202656
|
| 040 |
|
|
|a BD-DhAAL
|
| 082 |
|
|
|a 510.76
|
| 100 |
|
|
|a Dressler, Isidore
|9 38110
|
| 245 |
|
|
|a Integrated mathematics :
|b course I /
|c Isidore Dressler and Edward P. Keenan
|
| 250 |
|
|
|a Second edition
|
| 260 |
|
|
|a New York :
|b Amsco School Pubns Inc,
|c 1989.
|
| 300 |
|
|
|a xii, 755 pages :
|b illustrations ;
|c 23 cm.
|
| 500 |
|
|
|a Includes index
|
| 526 |
|
|
|a BIED
|
| 541 |
|
|
|a Complimentary copy from BIED
|
| 650 |
|
|
|a Mathematics
|9 38111
|
| 650 |
|
|
|a Mathematics
|x Study and teaching (Secondary)
|9 38112
|
| 700 |
|
|
|a Keenan, Edward P.
|9 38113
|
| 852 |
|
|
|a Ayesha Abed Library
|c BIED Collection
|
| 942 |
|
|
|2 ddc
|c BK
|
| 952 |
|
|
|0 0
|1 0
|2 ddc
|4 0
|6 510_760000000000000_DRE
|7 0
|9 67385
|a BRACUL
|b BRACUL
|c GEN
|d 2019-12-08
|e Complimentary copy from BIED
|l 0
|o 510.76 DRE
|p 3010035422
|r 2019-12-08
|t 1
|w 2019-12-08
|y BK
|x Transferred from BIED to General Stacks
|